|
|
|
|
| LEADER |
00000cas a2200000 a 4500 |
| 001 |
vtls001328411 |
| 003 |
SK-MaSNL |
| 005 |
20260228155704.0 |
| 008 |
180810d18471848xo ar|p 0 0b0slo |
| 035 |
|
|
|a SNK000281235
|
| 040 |
|
|
|a SNK
|b slo
|c SNK
|e AACR2
|
| 041 |
0 |
|
|a slo
|
| 044 |
|
|
|a xo
|c SK
|
| 080 |
|
|
|a 050
|2 2001
|
| 080 |
|
|
|a (059)
|2 2011
|
| 245 |
0 |
0 |
|a Nowi i stari hospodárski kalendár na rok Páňe ...
|
| 260 |
|
|
|a Lewoča
|b J. Merthmüllera
|c 1847-[1848]
|
| 300 |
|
|
|a zv.
|
| 310 |
|
|
|a 1x ročne
|
| 362 |
0 |
|
|a 1847-[1848]
|
| 655 |
|
7 |
|a kalendáre
|2 SNKPH
|9 70450
|
| 850 |
|
|
|a Slovenská národná knižnica v Martine
|
| 910 |
|
|
|a snk
|
| 958 |
|
|
|a ONDV
|
| 999 |
|
|
|c 211
|d 211
|
| 952 |
|
|
|0 0
|1 0
|4 0
|7 0
|a SNK
|b SNK
|d 1998-04-20
|l 0
|o snkČSD 11/2/1848
|p 17A0135513
|r 2005-01-02 00:00:00
|w 2026-02-21
|y PREZ
|
| 952 |
|
|
|0 0
|1 0
|4 0
|7 0
|a SNK
|b SNK
|d 1998-04-20
|l 0
|o snkČSD 11/1/1847
|p 17A0135528
|r 2005-01-02 00:00:00
|w 2026-02-21
|y PREZ
|